| 000 | 00651 a2200169 4500 | ||
|---|---|---|---|
| 003 | Nust | ||
| 005 | 20230102091201.0 | ||
| 040 | _cNust | ||
| 082 | _a355.309549,PAK | ||
| 100 |
_aWarsi, Brig Muhammad Jamil Qudrat _9106581 |
||
| 245 |
_aPakistan Army Green Book -1990, _bYear of The Junior Leadeers 1990 / _cGHQ, Rawalpindi |
||
| 260 |
_aRawalpindi _bG.H.Q _c1990 |
||
| 300 | _a377:p | ||
| 505 | _aPart 1:- Junior Leadership (Page-1), Part 2:- Selection Reorganization and Indication (Page-279), Part 3:- Future trends and Development in Weapon Systems (Page-341). | ||
| 650 |
_aPakistan Army Green Book _9103224 |
||
| 942 |
_cBK _2ddc _k355.309549,PAK |
||
| 999 |
_c186261 _d186261 |
||